[Event "33rd Leon Blitz Open 2020"]
[Site "chess.com INT"]
[Date "2020.07.14"]
[Round "4"]
[White "Pranav, Anand"]
[Black "Mikhalevski, Victor"]
[Result "0-1"]
[WhiteTitle "FM"]
[BlackTitle "GM"]
[WhiteElo "2381"]
[BlackElo "2565"]
[WhiteFideId "46626786"]
[BlackFideId "2801914"]
[EventDate "2020.07.14"]
[EventType "blitz"]

1. e4 e5 2. Nf3 Nc6 3. Bc4 Bc5 4. c3 Nf6 5. d3 d6 6. O-O a5 7. a4 O-O 8. h3 h6
9. Na3 Ne7 10. Re1 Ng6 11. Be3 Bxe3 12. Rxe3 c6 13. d4 exd4 14. Qxd4 Be6 15. Rd1
d5 16. exd5 Nxd5 17. Ree1 Qc8 18. Ne5 Ngf4 19. Bxd5 Nxd5 20. Nac4 Qc7 21. Qh4
Rad8 22. Qg3 Nf6 23. Ne3 Nh5 24. Qh2 Bb3 25. Rxd8 Rxd8 26. Nf5 Re8 27. g4 Nf6
28. Qg3 Nd7 29. f4 Nxe5 30. fxe5 Bxa4 31. Nd6 Re6 32. Qf2 Bb3 33. Rf1 Rxe5 34.
Qd4 Rd5 35. Ne8 Rxd4 36. Nxc7 Rd7 37. Na8 b5 38. Nb6 Rd8 39. Re1 Kf8 40. Ra1 a4
41. Re1 Rd2 42. Nc8 f6 43. Re7 Rxb2 44. Ra7 Rc2 45. Nd6 Rxc3 46. Ra8+ Ke7 47.
Nf5+ Ke6 48. Ra7 g6 49. Nxh6 b4 50. Rb7 a3 51. Ng8 a2 52. Re7+ Kd6 53. Ra7 Rc1+ 0-1

[Event "33rd Leon Blitz Open 2020"]
[Site "chess.com INT"]
[Date "2020.07.14"]
[Round "4"]
[White "Sankalp, Gupta"]
[Black "Aleksandrov, Aleksej"]
[Result "1/2-1/2"]
[WhiteTitle "IM"]
[BlackTitle "GM"]
[WhiteElo "2429"]
[BlackElo "2608"]
[WhiteFideId "5097010"]
[BlackFideId "13500139"]
[EventDate "2020.07.14"]
[EventType "blitz"]

1. e4 e5 2. Nf3 Nc6 3. d4 exd4 4. Nxd4 Nf6 5. Nxc6 bxc6 6. e5 Qe7 7. Qe2 Nd5 8.
h4 a5 9. c4 Nb6 10. g3 a4 11. Nd2 Ba6 12. Qe4 O-O-O 13. c5 Bxf1 14. cxb6 Bb5 15.
bxc7 Kxc7 16. Nf3 f6 17. Bf4 Qb4+ 18. Qxb4 Bxb4+ 19. Kd1 Kb7 20. exf6 gxf6 21.
Be3 Bd3 22. Nd2 Rhe8 23. a3 Ba5 24. b4 Bb6 25. Bxb6 Kxb6 26. Rc1 d5 27. Rc3 Bb5
28. Re1 Rxe1+ 29. Kxe1 d4 30. Rc5 Re8+ 31. Kd1 Re5 32. Rxe5 fxe5 33. Nf3 c5 34.
bxc5+ Kxc5 35. Nxe5 Kd5 36. f4 Ke4 37. Kd2 h5 38. Nf7 Kf3 39. Nd6 Bd7 40. f5
Kxg3 41. f6 Be6 42. f7 Bxf7 43. Nxf7 Kxh4 44. Kd3 Kg4 45. Ne5+ Kg3 46. Kxd4 h4
47. Ke3 h3 48. Nf3 Kg2 49. Ke2 Kg3 50. Ke3 h2 51. Nxh2 Kxh2 52. Kd4 Kg3 53. Kc4
Kf4 54. Kb4 Ke5 55. Kxa4 Kd6 1/2-1/2

[Event "33rd Leon Blitz Open 2020"]
[Site "chess.com INT"]
[Date "2020.07.14"]
[Round "4"]
[White "Kazakouski, Valery"]
[Black "Leiva, Giuseppe"]
[Result "1-0"]
[WhiteTitle "IM"]
[BlackTitle "IM"]
[WhiteElo "2473"]
[BlackElo "2391"]
[WhiteFideId "13507443"]
[BlackFideId "3804399"]
[EventDate "2020.07.14"]
[EventType "blitz"]

1. d4 Nf6 2. Nf3 e6 3. c4 b6 4. g3 Bb7 5. Bg2 Bb4+ 6. Bd2 c5 7. O-O O-O 8. Bc3
Qe7 9. a3 Bxc3 10. Nxc3 Ne4 11. Rc1 d6 12. Qd3 Nxc3 13. Rxc3 Nd7 14. Rd1 Nf6 15.
b4 Rac8 16. Rcc1 Be4 17. Qe3 h6 18. Bh3 Rc7 19. Nd2 Ba8 20. Nb3 cxb4 21. axb4
Rfc8 22. d5 Rxc4 23. dxe6 Rxc1 24. exf7+ Kxf7 25. Qxe7+ Kxe7 26. Rxc1 Rxc1+ 27.
Nxc1 Bd5 28. f3 Bc4 29. e4 a5 30. bxa5 bxa5 31. Bf1 d5 32. Bxc4 dxc4 33. Kf2 Kd6
34. Ke3 Kc5 35. Kd2 Kb4 36. Kc2 a4 37. Na2+ Kc5 38. Nc3 a3 39. e5 Nd7 40. f4 Nb8
41. Kb1 Kd4 42. Nb5+ Kd3 43. Nxa3 g6 44. Kc1 Nc6 45. Nc2 Nd8 46. Nb4+ Ke4 47.
Kd2 Kf3 48. Kc3 Kg2 49. g4 Kxh2 50. f5 Kg3 51. e6 1-0

[Event "33rd Leon Blitz Open 2020"]
[Site "chess.com INT"]
[Date "2020.07.14"]
[Round "4"]
[White "Sarana, Alexey"]
[Black "Bagrationi, Dmitry"]
[Result "1/2-1/2"]
[WhiteTitle "GM"]
[BlackTitle "FM"]
[WhiteElo "2654"]
[BlackElo "2316"]
[WhiteFideId "24133795"]
[BlackFideId "14105047"]
[EventDate "2020.07.14"]
[EventType "blitz"]

1. d4 d5 2. c4 c6 3. Nf3 Nf6 4. Nc3 e6 5. Bg5 dxc4 6. e4 h6 7. Bxf6 Qxf6 8. Bxc4
Qd8 9. O-O Be7 10. Qe2 O-O 11. Rad1 b5 12. Bd3 b4 13. Na4 Nd7 14. e5 g6 15. Be4
Bb7 16. b3 Rc8 17. Rc1 Qa5 18. Rc2 Ba6 19. Bd3 Bxd3 20. Qxd3 c5 21. Rfc1 Rfd8
22. Qe4 Qa6 23. dxc5 Nxc5 24. Nxc5 Bxc5 25. Rxc5 Rxc5 26. Rxc5 Rd1+ 27. Ne1 Qxa2
28. Qe3 Qxb3 29. Kf1 Qa2 30. g3 b3 31. Rb5 b2 32. Rb8+ Kg7 33. Qf3 Rxe1+ 34. Kg2
Qd5 35. Qxd5 exd5 36. Rxb2 Rxe5 37. Rb5 Kf6 38. Ra5 Re7 39. Rxd5 Ke6 40. Ra5 Kd6
41. h4 Kc6 42. h5 Kb6 43. Rd5 gxh5 44. Rd6+ Kb5 45. Rxh6 a5 46. Rxh5+ Kb4 47.
Rh4+ Kb3 48. Rh8 Ra7 49. Rb8+ Kc3 50. Rc8+ Kd3 51. Rd8+ Kc4 52. Rc8+ Kd5 53.
Rd8+ Kc6 54. Rc8+ Kd7 55. Rc1 a4 56. Kf3 a3 57. Ra1 a2 58. Kg4 Kd6 59. Kg5 Kc5
60. Kf6 Kb4 61. f4 Kb3 62. g4 Kb2 63. Rh1 Rc7 64. f5 Rc1 65. Rh2+ Rc2 66. Rh1
Rg2 67. g5 a1=Q 68. Rxa1 Kxa1 69. Kxf7 Rxg5 70. f6 Kb2 71. Ke7 Kc3 72. f7 Rf5
73. Ke6 Rxf7 74. Kxf7 1/2-1/2

[Event "33rd Leon Blitz Open 2020"]
[Site "chess.com INT"]
[Date "2020.07.14"]
[Round "4"]
[White "Galiana Salom, Juan Ramon"]
[Black "Svicevic, Rastko"]
[Result "0-1"]
[WhiteTitle "FM"]
[BlackTitle "FM"]
[WhiteElo "2248"]
[BlackElo "2215"]
[WhiteFideId "2203081"]
[BlackFideId "916315"]
[EventDate "2020.07.14"]
[EventType "blitz"]

1. e4 c5 2. Nf3 Nc6 3. d4 cxd4 4. Nxd4 e5 5. Nb5 d6 6. N1c3 a6 7. Na3 b5 8. Nd5
Nge7 9. Bg5 Be6 10. c3 h6 11. Be3 f5 12. Bb6 Qc8 13. Nc7+ Kf7 14. Nxa8 Qxa8 15.
Be2 Ng6 16. O-O f4 17. Bh5 Qb7 18. Be3 Be7 19. Bd2 Bf6 20. Nc2 Ne7 21. f3 Rd8
22. Qe1 Kg8 23. Rd1 Nf8 24. Nb4 Qc8 25. h3 a5 26. Nd5 Nxd5 27. exd5 Bxd5 28.
Bxf4 Qc5+ 29. Be3 Qc6 30. Qd2 Bxa2 31. Bxh6 gxh6 32. Qxh6 Bg7 33. Qg5 Ne6 34.
Qf5 Rf8 35. Qg4 Bc4 36. Rfe1 Nf4 37. Bg6 Be6 38. Qg5 Qc5+ 39. Kh2 Rf6 40. Be4
Qc7 41. g3 Nxh3 42. Qh4 Rh6 43. Qxh6 Bxh6 44. g4 Qc5 45. Kxh3 Bf4 46. Re2 Qc7
47. Kg2 Bf7 48. Rh1 b4 49. Rh7 Qc4 50. Rc2 b3 51. Rf2 Be3 52. Rxf7 Kxf7 53. Rf1
Qe2+ 0-1

[Event "33rd Leon Blitz Open 2020"]
[Site "chess.com INT"]
[Date "2020.07.14"]
[Round "4"]
[White "Aslanov, Umid"]
[Black "Melian, Juan Sebastian"]
[Result "1-0"]
[WhiteTitle "CM"]
[BlackTitle "CM"]
[WhiteElo "2019"]
[BlackElo "1950"]
[WhiteFideId "13412620"]
[BlackFideId "3706575"]
[EventDate "2020.07.14"]
[EventType "blitz"]

1. e4 c5 2. Nf3 e6 3. d4 cxd4 4. Nxd4 a6 5. Bd3 Bc5 6. Nb3 Be7 7. O-O Qc7 8. c4
d6 9. Nc3 b6 10. Be3 Bb7 11. Qe2 Nf6 12. f4 Nbd7 13. Rad1 h5 14. Bd4 Rc8 15. e5
dxe5 16. fxe5 Ng4 17. Rde1 Bh4 18. g3 Be7 19. h3 Nh6 20. Be4 Bxe4 21. Nxe4 Nf5
22. Rxf5 exf5 23. Nd6+ Kf8 24. Nxc8 Qxc8 25. e6 fxe6 26. Qxe6 Qd8 27. Qxf5+ Nf6
28. Qe6 Qc7 29. Be5 Qd8 30. Bd4 Qc7 31. Kg2 b5 32. c5 Rh6 33. Be5 Qb7+ 34. c6
Qa7 35. c7 Ne8 36. Rf1+ Bf6 37. Qxe8+ Kxe8 38. c8=Q+ Kf7 39. Bxf6 gxf6 40. Qc6
Rg6 41. Nc5 Kg8 42. Qe8+ Kg7 43. Qd7+ Qxd7 44. Nxd7 f5 45. Rxf5 Rd6 46. Ne5 Rd5
47. g4 hxg4 48. hxg4 Rc5 49. Nd7 Rc4 50. Kg3 Kg6 51. Ne5+ 1-0

[Event "33rd Leon Blitz Open 2020"]
[Site "chess.com INT"]
[Date "2020.07.14"]
[Round "4"]
[White "Stojanovski, Sandi"]
[Black "Costa, Paulo Cesar"]
[Result "1/2-1/2"]
[WhiteTitle "FM"]
[WhiteElo "2232"]
[BlackElo "1974"]
[WhiteFideId "1403249"]
[BlackFideId "2101912"]
[EventDate "2020.07.14"]
[EventType "blitz"]

1. c4 c5 2. Nf3 Nf6 3. Nc3 g6 4. e3 Bg7 5. d4 cxd4 6. exd4 d5 7. cxd5 Nxd5 8.
Qb3 Nxc3 9. bxc3 O-O 10. Be2 Nc6 11. O-O b6 12. Re1 Be6 13. Qa4 Na5 14. Bb2 Rc8
15. Ba6 Rc7 16. Rxe6 fxe6 17. Ng5 Qd5 18. h4 h6 19. Nf3 Nc4 20. Bxc4 Qxc4 21.
Qc2 Rf5 22. Qd2 Kh7 23. a4 Ra5 24. Qe3 Rxa4 25. Rxa4 Qxa4 26. h5 gxh5 27. Qe4+
Kg8 28. Qxe6+ Kh7 29. Qf5+ Kg8 30. Qe6+ Kh7 31. Qf5+ Kg8 32. Qxh5 Qc6 33. Bc1
Qf6 34. Ne5 Rc8 35. Bd2 Rd8 36. Ng4 Qf7 37. Nxh6+ Bxh6 38. Qxh6 Qg7 39. Qe6+ Qf7
40. Qe4 Rf8 41. f3 Qf5 42. Qe3 Qb1+ 43. Kh2 Qh7+ 44. Kg3 Qg6+ 45. Kf2 Qf5 46. c4
a5 47. d5 a4 48. Bc3 Qc2+ 49. Kg3 Qg6+ 50. Kf2 Qc2+ 51. Kg1 Qb1+ 52. Kh2 Qh7+
53. Kg3 Qg6+ 54. Kf2 Qc2+ 1/2-1/2

[Event "33rd Leon Blitz Open 2020"]
[Site "chess.com INT"]
[Date "2020.07.14"]
[Round "4"]
[White "Sarkar, Justin"]
[Black "Ismagambetov, Anuar"]
[Result "1-0"]
[WhiteTitle "IM"]
[BlackTitle "GM"]
[WhiteElo "2380"]
[BlackElo "2528"]
[WhiteFideId "2010011"]
[BlackFideId "13701525"]
[EventDate "2020.07.14"]
[EventType "blitz"]

1. d4 Nf6 2. c4 g6 3. Nc3 Bg7 4. e4 d6 5. Be2 O-O 6. Bg5 c5 7. d5 h6 8. Be3 e6
9. Qd2 exd5 10. exd5 Kh7 11. h4 Re8 12. h5 g5 13. Qc2+ Kh8 14. O-O-O a6 15. Kb1
Qe7 16. Bd3 Nbd7 17. Nge2 Ne5 18. Ng3 Nxd3 19. Qxd3 b5 20. Nf5 Bxf5 21. Qxf5 Ne4
22. Nxe4 Qxe4+ 23. Qxe4 Rxe4 24. cxb5 axb5 25. Rhe1 Rea4 26. a3 b4 27. Bc1 bxa3
28. bxa3 Rb8+ 29. Ka2 Rc4 30. Re2 Ra4 31. Bb2 Rba8 32. Bxg7+ Kxg7 33. Rd3 R8a7
34. Re8 Rf4 35. f3 g4 36. Rd8 gxf3 37. Rxf3 Rxf3 38. gxf3 Ra6 39. f4 Kf6 40. Rh8
Kg7 41. Rd8 Kf6 42. Rh8 Kf5 43. Rxh6 Kxf4 44. Rf6+ Ke5 45. Rxf7 Kxd5 46. h6 Ra8
47. h7 Kd4 48. Rg7 Rh8 49. a4 c4 50. a5 d5 51. a6 Kc3 52. Rg3+ Kb4 53. a7 Ra8
54. Kb2 c3+ 55. Rxc3 d4 56. Rh3 1-0

[Event "33rd Leon Blitz Open 2020"]
[Site "chess.com INT"]
[Date "2020.07.14"]
[Round "4"]
[White "Christensen, Thomas2"]
[Black "Degenbaev, Aziz"]
[Result "0-1"]
[WhiteTitle "CM"]
[WhiteElo "2143"]
[BlackElo "1816"]
[WhiteFideId "1407635"]
[BlackFideId "13802640"]
[EventDate "2020.07.14"]
[EventType "blitz"]

1. d4 f5 2. e4 fxe4 3. Nc3 Nf6 4. Bg5 g6 5. f3 e3 6. Bxe3 Bg7 7. Bc4 d5 8. Bd3
c5 9. dxc5 Nc6 10. Nce2 e5 11. Bg5 O-O 12. h4 e4 13. fxe4 dxe4 14. Bc4+ Kh8 15.
Qxd8 Rxd8 16. Nh3 Bg4 17. Nhf4 Nd4 18. O-O-O Nxe2+ 19. Bxe2 Bxe2 20. Nxe2 h6 21.
Be3 Ng4 22. Bd4 Bxd4 23. Rxd4 Rxd4 24. Nxd4 Rd8 25. c3 Nf2 26. Rf1 e3 27. b4 Rf8
28. Kc2 Rf4 29. Re1 Ng4 30. Nf3 a5 31. a3 a4 32. Kd3 Kg7 33. Ke2 Rc4 34. Rc1 Kf6
35. Nd4 Ke5 36. Kd3 Kd5 37. g3 g5 38. hxg5 hxg5 39. Nc2 Re4 40. Re1 Nf2+ 41. Ke2
Ng4 42. Kf3 Ne5+ 43. Ke2 Kc4 44. Nxe3+ Kxc3 45. Kf2 Kb3 46. b5 Nd3+ 47. Kf3 Re6
48. Rd1 Nxc5 49. Nd5 Kxa3 50. b6 Kb2 51. Ne3 a3 52. Nc4+ Kb3 53. Na5+ Ka4 54.
Nc4 a2 55. Ra1 Kb3 56. Nd2+ Kb2 57. Rxa2+ Kxa2 0-1

[Event "33rd Leon Blitz Open 2020"]
[Site "chess.com INT"]
[Date "2020.07.14"]
[Round "4"]
[White "Moiseenko, Alexander"]
[Black "Bodnaruk, Anastasia"]
[Result "0-1"]
[WhiteTitle "GM"]
[BlackTitle "IM"]
[WhiteElo "2620"]
[BlackElo "2411"]
[WhiteFideId "14102560"]
[BlackFideId "4181751"]
[EventDate "2020.07.14"]
[EventType "blitz"]

1. d4 Nf6 2. c4 g6 3. Nc3 Bg7 4. e4 d6 5. Bd3 O-O 6. Nge2 Nc6 7. O-O e5 8. d5
Ne7 9. a4 a5 10. Ra3 Ne8 11. f4 f5 12. Kh1 c6 13. fxe5 dxe5 14. Be3 f4 15. Bg1
g5 16. c5 Kh8 17. d6 Ng6 18. Bc4 g4 19. Nc1 Bd7 20. Rb3 Rb8 21. Qe1 Qg5 22. Nd1
Nf6 23. Nd3 g3 24. Qxa5 Nxe4 25. Ne1 Nh4 26. Nf3 Nxf3 27. Rbxf3 Bh3 28. Qe1 Rf6
29. Qxe4 Bxg2+ 30. Kxg2 gxh2+ 31. Kf2 h1=Q 32. Ke1 Qhg2 33. Nf2 Rh6 34. Bd3 b6
35. cxb6 Qg6 36. d7 Qd6 37. Rxf4 Qxe4+ 38. Rxe4 Qxd7 39. Ng4 Rg6 40. Nf2 Rxb6
41. Re2 Rb8 42. Bxg6 hxg6 43. Ne4 Qd3 44. Bc5 Qb1+ 45. Kf2 Qd3 46. Rh1+ Kg8 47.
b4 Bf8 48. Nf6+ Kg7 49. Ne4 Bxc5+ 50. Nxc5 Rf8+ 51. Ke1 Qb1+ 52. Kd2 Qxh1 53.
Ne6+ Kg8 54. Nxf8 Kxf8 55. a5 Qd5+ 56. Kc3 c5 57. b5 Qd4+ 58. Kc2 Qa4+ 59. Kd2
Qxb5 60. Rxe5 Qb2+ 0-1

[Event "33rd Leon Blitz Open 2020"]
[Site "chess.com INT"]
[Date "2020.07.14"]
[Round "4"]
[White "Hovhannisyan, Robert"]
[Black "Albornoz Cabrera, Carlos Daniel"]
[Result "1-0"]
[WhiteTitle "GM"]
[BlackTitle "GM"]
[WhiteElo "2642"]
[BlackElo "2573"]
[WhiteFideId "13302507"]
[BlackFideId "3518736"]
[EventDate "2020.07.14"]
[EventType "blitz"]

1. e4 c5 2. Nf3 Nc6 3. d4 cxd4 4. Nxd4 Nf6 5. Nc3 e5 6. Ndb5 d6 7. Bg5 a6 8. Na3
b5 9. Nd5 Be7 10. Bxf6 Bxf6 11. c3 Bg5 12. Nc2 Rb8 13. g3 O-O 14. h4 Bh6 15. Qd3
Be6 16. Bh3 Qd7 17. Bxe6 fxe6 18. Nde3 Rbd8 19. O-O Rf3 20. Qe2 Rdf8 21. a4 Bxe3
22. Nxe3 Qf7 23. axb5 axb5 24. Ra6 Qh5 25. Qxb5 Qg6 26. Kg2 Qxe4 27. Qxc6 Rxf2+
28. Kh3 Qxe3 29. Rxf2 Qxf2 30. Ra8 Rxa8 31. Qxa8+ Qf8 32. Qc6 Kf7 33. b4 Kg6 34.
Qe4+ Kh6 35. Qe3+ Kg6 36. Qe4+ Kh6 37. Qe3+ Kg6 38. Qd3+ Kh6 39. b5 Qf2 40. c4
g6 41. Qe4 Qf1+ 42. Kh2 Qf2+ 43. Qg2 Qd4 44. Qc6 Qf2+ 45. Qg2 Qd4 46. Qf3 e4 47.
Qf8+ Kh5 48. Qf4 Qe5 49. Qxe5+ dxe5 50. b6 e3 51. Kg2 e2 52. Kf2 e1=Q+ 53. Kxe1 1-0

[Event "33rd Leon Blitz Open 2020"]
[Site "chess.com INT"]
[Date "2020.07.14"]
[Round "4"]
[White "Narayanan, S.L."]
[Black "Babazada, Khazar"]
[Result "0-1"]
[WhiteTitle "GM"]
[BlackTitle "FM"]
[WhiteElo "2618"]
[BlackElo "2409"]
[WhiteFideId "5058422"]
[BlackFideId "13413554"]
[EventDate "2020.07.14"]
[EventType "blitz"]

1. e4 e5 2. Nf3 Nc6 3. Bb5 f5 4. d3 fxe4 5. dxe4 Nf6 6. O-O d6 7. Nc3 Be7 8. Bc4
Na5 9. Be2 O-O 10. Nd5 Nc6 11. Nxf6+ Bxf6 12. Be3 Be6 13. c3 Qd7 14. Nd2 Kh8 15.
Bc4 Ne7 16. Bxe6 Qxe6 17. Qb3 Qc8 18. f3 Ng6 19. c4 b6 20. Qc2 Nf4 21. Nb1 Ne6
22. Nc3 Qd8 23. Rad1 Bg5 24. Bf2 Bh6 25. Nd5 Qg5 26. Be3 Qg6 27. Bxh6 Qxh6 28.
b4 c6 29. Nc3 Nd4 30. Qd2 Qe6 31. Ne2 c5 32. bxc5 bxc5 33. Qd3 Rab8 34. Rb1 Qg6
35. Nxd4 exd4 36. Rb3 Qg5 37. g3 Rbe8 38. Kg2 Rf7 39. Rb5 Qe7 40. a4 Ref8 41. a5
g5 42. h3 h5 43. a6 h4 44. Qd2 Qe5 45. gxh4 Rf4 46. hxg5 Qxg5+ 47. Kh2 Rg8 48.
Qf2 Rh4 49. Rg1 Qf4+ 50. Rg3 Rh7 51. Rb7 Rh5 52. Kg2 Rxg3+ 53. Qxg3 Rg5 0-1

[Event "33rd Leon Blitz Open 2020"]
[Site "chess.com INT"]
[Date "2020.07.14"]
[Round "4"]
[White "Svane, Rasmus"]
[Black "Matinian, Nikita"]
[Result "1-0"]
[WhiteTitle "GM"]
[BlackTitle "GM"]
[WhiteElo "2613"]
[BlackElo "2475"]
[WhiteFideId "4657101"]
[BlackFideId "24129100"]
[EventDate "2020.07.14"]
[EventType "blitz"]

1. Nf3 Nf6 2. g3 b6 3. Bg2 Bb7 4. O-O e6 5. d4 Be7 6. c4 Ne4 7. Qc2 O-O 8. Rd1
Na6 9. a3 c5 10. Nfd2 Nd6 11. d5 exd5 12. cxd5 Nc7 13. e4 Bf6 14. Nf3 Re8 15. e5
Bxe5 16. Nxe5 Rxe5 17. Bf4 Qf6 18. Bxe5 Qxe5 19. Nc3 g6 20. Re1 Qf6 21. Rad1 Rf8
22. Qa4 Qd8 23. Qxa7 Na6 24. Nb5 Nxb5 25. Qxb7 Nb8 26. d6 Nd4 27. Re7 Nf5 28.
Ree1 h5 29. b4 c4 30. b5 c3 31. Qc7 Qf6 32. Rd3 c2 33. Qxc2 Nxd6 34. a4 Nf5 35.
Qc3 Qd8 36. Bh3 Ng7 37. Qd4 Qg5 38. Qxb6 h4 39. Qe3 Qh5 40. Qe5 Re8 41. Qxe8+
Nxe8 42. Rxe8+ Kg7 43. Rxb8 Qe2 44. Re3 Qd1+ 45. Bf1 hxg3 46. hxg3 Qxa4 47. b6
Qa1 48. b7 Qa7 49. Ree8 Kf6 50. Bg2 d5 51. Bxd5 Kg5 52. Kg2 f5 53. Rf8 Qd4 54.
Bf3 f4 55. Rbd8 1-0

[Event "33rd Leon Blitz Open 2020"]
[Site "chess.com INT"]
[Date "2020.07.14"]
[Round "4"]
[White "Petkov, Momchil"]
[Black "Sychev, Klementy"]
[Result "1-0"]
[WhiteTitle "FM"]
[BlackTitle "GM"]
[WhiteElo "2315"]
[BlackElo "2572"]
[WhiteFideId "2921642"]
[BlackFideId "4114060"]
[EventDate "2020.07.14"]
[EventType "blitz"]

1. e4 e5 2. Nf3 Nc6 3. Bb5 a6 4. Ba4 b5 5. Bb3 Na5 6. O-O d6 7. d4 exd4 8. Qxd4
Bb7 9. Qe3 Nxb3 10. axb3 Be7 11. Nd4 g6 12. Nc3 Nf6 13. Rd1 O-O 14. e5 Ng4 15.
Qg3 Nxe5 16. Nf5 Bf6 17. Bh6 Re8 18. Ne3 Rc8 19. Ncd5 Bh4 20. Qf4 c6 21. Nc3 d5
22. g3 Bf6 23. Ne4 Bh8 24. Nc5 Qe7 25. b4 d4 26. Ng4 Nxg4 27. Qxg4 Ra8 28. Bg5
Qc7 29. Bf4 Qc8 30. Qh4 Ra7 31. Re1 Ba8 32. Bg5 Bg7 33. Bf6 Bxf6 34. Qxf6 Qd8
35. Rxe8+ Qxe8 36. Qxd4 h5 37. Rd1 Re7 38. Qd8 Kg7 39. Qxe8 Rxe8 40. Rd7 Re2 41.
Rd8 Rxc2 42. Rxa8 Rxb2 43. Nxa6 Ra2 44. Nc7 Rb2 45. Ne8+ Kh6 46. Nd6 Rxb4 47.
Nxf7+ Kg7 48. Ne5 c5 49. Ra6 Re4 50. Rxg6+ Kh7 51. Rg5 c4 52. Rxh5+ Kg7 53. Nc6
c3 54. Rc5 b4 55. Nxb4 Rc4 56. Rxc4 1-0

[Event "33rd Leon Blitz Open 2020"]
[Site "chess.com INT"]
[Date "2020.07.14"]
[Round "4"]
[White "Osmak, Iulija"]
[Black "Golubev, Mikhail"]
[Result "0-1"]
[WhiteTitle "IM"]
[BlackTitle "GM"]
[WhiteElo "2438"]
[BlackElo "2461"]
[WhiteFideId "14101602"]
[BlackFideId "14100983"]
[EventDate "2020.07.14"]
[EventType "blitz"]

1. Nc3 g6 2. d4 Bg7 3. e4 d6 4. f4 Nf6 5. Nf3 O-O 6. Be2 c5 7. dxc5 Qa5 8. O-O
Qxc5+ 9. Kh1 Nc6 10. Bd3 Bg4 11. Qe1 Bxf3 12. Rxf3 Nb4 13. f5 d5 14. e5 Ne4 15.
Be3 Qc7 16. fxg6 fxg6 17. Rxf8+ Rxf8 18. Nb5 Nxd3 19. cxd3 Qd7 20. Na3 d4 21.
Bg1 Nc5 22. Qe2 Qd5 23. Nc4 Ne6 24. Re1 Nf4 25. Qd2 b5 26. Na3 Bxe5 27. Re4 Bd6
28. Nc2 e5 29. Nb4 Bxb4 30. Qxb4 Nxd3 31. Qb3 Qxb3 32. axb3 Rf1 33. Re2 Re1 34.
Rd2 e4 35. g3 Rb1 36. Kg2 Rxb2 37. Rxb2 Nxb2 38. Bxd4 Nd3 39. Bxa7 Kf7 40. Kf1
Ke6 41. Ke2 Kd5 42. Ke3 Ne5 43. h3 Nc6 44. Bb6 Ne7 45. g4 Nc6 46. Bc7 Nd4 47. b4
Nc2+ 48. Kf4 Nxb4 49. Bb6 Nd3+ 50. Kg5 Nc5 51. Kh6 e3 52. Ba5 Kc4 53. Kxh7 b4
54. Bc7 Ne4 55. Bd8 g5 56. h4 e2 57. hxg5 Nxg5+ 58. Bxg5 e1=Q 0-1

[Event "33rd Leon Blitz Open 2020"]
[Site "chess.com INT"]
[Date "2020.07.14"]
[Round "4"]
[White "Iniyan, P"]
[Black "Reprintsev, Alexander"]
[Result "1/2-1/2"]
[WhiteTitle "GM"]
[BlackTitle "IM"]
[WhiteElo "2506"]
[BlackElo "2353"]
[WhiteFideId "25002767"]
[BlackFideId "14100541"]
[EventDate "2020.07.14"]
[EventType "blitz"]

1. e4 d5 2. exd5 Qxd5 3. Nc3 Qa5 4. Nf3 Nf6 5. Bc4 Nc6 6. O-O Bg4 7. h3 Bh5 8.
Be2 O-O-O 9. d3 e5 10. Qe1 Bb4 11. Bd2 e4 12. Nxe4 Nxe4 13. Bxb4 Qxb4 14. Qxb4
Nxb4 15. dxe4 Nxc2 16. Rfc1 Nxa1 17. Rxa1 Rhe8 18. g4 Bg6 19. e5 Be4 20. Ng5 Bd3
21. Bxd3 Rxd3 22. f4 f6 23. exf6 gxf6 24. Nxh7 Re6 25. f5 Rb6 26. g5 Rxh3 27. g6
Rxb2 28. Nxf6 Rg3+ 29. Kh1 Rf2 30. Re1 b5 31. Re8+ Kb7 32. Ne4 Rh3+ 33. Kg1 Rf4
34. f6 Rxe4 35. Rxe4 Rg3+ 36. Kf2 Rxg6 37. Rf4 Rg8 38. Ke3 Kc6 39. Ke4 Kd6 40.
Kf5 c5 41. f7 Rb8 42. Kf6 c4 43. Re4 Rf8 44. Re8 Rxf7+ 45. Kxf7 c3 46. Kf6 Kd5
47. Kf5 Kd4 48. Rc8 b4 49. Ke6 a5 50. Kd6 a4 51. Rb8 Kc4 52. Rc8+ Kd3 53. Kc5 b3
54. axb3 axb3 55. Kb4 b2 56. Rxc3+ Kd2 57. Rb3 Kc2 58. Ka3 b1=Q 59. Rxb1 Kxb1 1/2-1/2

[Event "33rd Leon Blitz Open 2020"]
[Site "chess.com INT"]
[Date "2020.07.14"]
[Round "4"]
[White "Adhiban, Baskaran"]
[Black "Kobalia, Mikhail"]
[Result "1/2-1/2"]
[WhiteTitle "GM"]
[BlackTitle "GM"]
[WhiteElo "2659"]
[BlackElo "2614"]
[WhiteFideId "5018471"]
[BlackFideId "4119150"]
[EventDate "2020.07.14"]
[EventType "blitz"]

1. d4 d5 2. c4 c6 3. Nc3 Nf6 4. cxd5 cxd5 5. Bf4 Nc6 6. e3 a6 7. Be2 e6 8. Rc1
Bd6 9. Bxd6 Qxd6 10. f4 Ne4 11. Nf3 Nxc3 12. Rxc3 O-O 13. O-O Bd7 14. Ne5 f6 15.
Nd3 b6 16. Qb3 Rfb8 17. Rfc1 a5 18. Qa3 Qxa3 19. bxa3 Rc8 20. Rb3 Rab8 21. Rcb1
Ne7 22. Rxb6 Rxb6 23. Rxb6 Rc2 24. Bf1 Nf5 25. Nc5 Nxe3 26. Rb3 Nxf1 27. Kxf1
Be8 28. Rb8 Kf8 29. Nxe6+ Ke7 30. Nxg7 Bd7 31. Rb7 Rxa2 32. Nh5 Rxa3 33. Nxf6
Kxf6 34. Rxd7 Kf5 35. Rxd5+ Kxf4 36. Rh5 Ra1+ 37. Ke2 Ra2+ 38. Kd3 Rxg2 39. Rxh7
Ra2 40. Kc4 a4 41. h3 a3 42. Ra7 Ra1 43. Kd5 Kf5 44. Kd6 a2 45. d5 Kg5 46. Ra4
Kh5 47. h4 Kh6 48. Ra3 Kh5 49. Ra4 Kh6 50. Ra5 Kh5 51. Kd7 Kxh4 52. d6 Kg4 53.
Kd8 Rd1 54. Rxa2 Rxd6+ 55. Ke7 Rd4 56. Ke6 Rf4 57. Ke5 1/2-1/2

[Event "33rd Leon Blitz Open 2020"]
[Site "chess.com INT"]
[Date "2020.07.14"]
[Round "4"]
[White "Das, Sayantan"]
[Black "Niemann, Hans Moke"]
[Result "1-0"]
[WhiteTitle "IM"]
[BlackTitle "IM"]
[WhiteElo "2431"]
[BlackElo "2465"]
[WhiteFideId "5034426"]
[BlackFideId "2093596"]
[EventDate "2020.07.14"]
[EventType "blitz"]

1. e4 g6 2. d4 Bg7 3. Nf3 c6 4. Bd3 d5 5. e5 Bg4 6. Nbd2 e6 7. h3 Bxf3 8. Nxf3
Nd7 9. c3 Ne7 10. h4 h6 11. Qe2 c5 12. Bf4 Nc6 13. a3 c4 14. Bc2 b5 15. Qe3 a5
16. O-O Nb6 17. g3 b4 18. axb4 axb4 19. b3 bxc3 20. Qxc3 O-O 21. Qe3 Nb4 22.
Rxa8 Qxa8 23. Bb1 Qa3 24. Bxh6 Qxb3 25. Qf4 Nd7 26. Bxg7 Kxg7 27. h5 c3 28. Bxg6
fxg6 29. Qg4 Qc2 30. Nh4 Qe4 31. Qxe6 gxh5 32. Qxd7+ Rf7 33. Qd6 Nd3 34. e6 Ra7
35. e7 Kf7 36. Nf5 c2 37. Qd8 Rxe7 38. Nxe7 c1=Q 39. Rxc1 Nxc1 40. Qxd5+ Qxd5
41. Nxd5 Ne2+ 42. Kg2 Nxd4 43. Nf4 h4 44. gxh4 Nf5 45. Kh3 Kf6 46. Kg4 Nd6 47.
Nh5+ Kg6 48. Ng3 Nf7 49. f4 Nh6+ 50. Kf3 Kf6 51. Ne4+ Kf5 52. Ng3+ Kf6 53. h5
Ke6 54. Ke4 Kf6 55. f5 Kg5 56. Ke5 Nf7+ 57. Ke6 Nd8+ 58. Ke7 Nc6+ 59. Kf7 Ne5+
60. Kg7 Ng4 61. h6 Nxh6 62. f6 Ng4 63. f7 1-0